<?xml version="1.0" encoding="UTF-8"?>
<record
    xmlns:xsi="http://www.w3.org/2001/XMLSchema-instance"
    xsi:schemaLocation="http://www.loc.gov/MARC21/slim http://www.loc.gov/standards/marcxml/schema/MARC21slim.xsd"
    xmlns="http://www.loc.gov/MARC21/slim">

  <leader>01939nam a22001817a 4500</leader>
  <controlfield tag="008">111115t        xxu||||| |||| 00| 0 eng d</controlfield>
  <datafield tag="020" ind1=" " ind2=" ">
    <subfield code="a">0262080443</subfield>
  </datafield>
  <datafield tag="050" ind1=" " ind2=" ">
    <subfield code="a">HB139.H64</subfield>
  </datafield>
  <datafield tag="245" ind1=" " ind2=" ">
    <subfield code="a">Selected readings in econometrics from econometrica /</subfield>
    <subfield code="c">edited by  John W. Hooper and Marc Nerlove</subfield>
  </datafield>
  <datafield tag="260" ind1=" " ind2=" ">
    <subfield code="a">Cambridge:</subfield>
    <subfield code="b">The MIT Press,</subfield>
    <subfield code="c">c1970.</subfield>
  </datafield>
  <datafield tag="300" ind1=" " ind2=" ">
    <subfield code="a">viii, 498 p.:</subfield>
    <subfield code="b">ill.</subfield>
    <subfield code="c">24cm.</subfield>
  </datafield>
  <datafield tag="500" ind1=" " ind2=" ">
    <subfield code="a">Includes index.</subfield>
  </datafield>
  <datafield tag="505" ind1=" " ind2=" ">
    <subfield code="a">Contents: Can stock market forecaters forecast? -- Partial time regressions as compared with individual trends -- The Statistical implications of a system of simultaneous equations -- The Demand for durable goods -- On the Statistical treatment of linear stochastic difference equations -- The Use of econometric model as a guide to economic policy -- Identification problems in economic model construction -- Overcapacity and the acceleration principle -- Habit persistence and lags in human behaviour -- A Generalized classical method of linear estimation of coefficients in a structural equation -- Hybrid corn: An  exploration in the economics of technological change -- An International comparison of household expenditure patterns, commemorating the centenary of Engel's law -- Estimation of relationships for limited dependent variables -- Simultaneous equations and canomical correlation theory -- The Dynamic properties of the Klein-Goldberger model -- The Durability of consumers' durable goods -- Underidentification, structural estimation, and forecasting -- On the Cost of approximate specification in simultaneous equation estimation -- Three-state least squares: Simultaneous estimation of simultaneous equations -- Efficient estimation of simultaneous equation systems -- Spectral analysis of seasonal adjustment procedures -- A Comparison of alternative estimators for simultaneous equations.</subfield>
  </datafield>
  <datafield tag="650" ind1=" " ind2=" ">
    <subfield code="a">Econometrics</subfield>
  </datafield>
  <datafield tag="700" ind1=" " ind2=" ">
    <subfield code="a">Hooper, John W.</subfield>
  </datafield>
  <datafield tag="700" ind1=" " ind2=" ">
    <subfield code="a">Nerlove, Marc</subfield>
  </datafield>
  <datafield tag="942" ind1=" " ind2=" ">
    <subfield code="2">lcc</subfield>
    <subfield code="c">BK</subfield>
  </datafield>
  <datafield tag="999" ind1=" " ind2=" ">
    <subfield code="c">275</subfield>
    <subfield code="d">7775</subfield>
  </datafield>
  <datafield tag="952" ind1=" " ind2=" ">
    <subfield code="0">0</subfield>
    <subfield code="1">0</subfield>
    <subfield code="2">lcc</subfield>
    <subfield code="4">0</subfield>
    <subfield code="7">0</subfield>
    <subfield code="a">WIUC-1</subfield>
    <subfield code="b">WIUC-1</subfield>
    <subfield code="c">GEN</subfield>
    <subfield code="d">2011-11-15</subfield>
    <subfield code="l">0</subfield>
    <subfield code="o">HB139.H64</subfield>
    <subfield code="p">766/11</subfield>
    <subfield code="r">2011-11-15 00:00:00</subfield>
    <subfield code="w">2011-11-15</subfield>
    <subfield code="y">BK</subfield>
  </datafield>
</record>
